KOHA-Header-6

Marketing Research an applied Approach (Record no. 10048)

000 -LEADER
fixed length control field 00274nam a2200109Ia 4500
100 ## - MAIN ENTRY--AUTHOR NAME
Personal name Thomas C.Kinnear
245 #0 - TITLE STATEMENT
Title Marketing Research an applied Approach
260 ## - PUBLICATION, DISTRIBUTION, ETC. (IMPRINT)
Place of publication India
Name of publisher Oxford
Year of publication 1993
300 ## - PHYSICAL DESCRIPTION
Number of Pages 214
942 ## - ADDED ENTRY ELEMENTS (KOHA)
Koha item type Books
Holdings
Withdrawn status Lost status Collection code Permanent Location Current Location Shelving location Date acquired Full call number Accession Number Koha item type
    Marketing MAJU MAJU   2019-09-14 658.4 6134 Marketing

Powered by Koha